000 00896nam a22001817a 4500
999 _c61527
_d61527
005 20240321160805.0
008 240321c2022 ge ||||| |||| 00| 0 geo d
022 _a1987-9717
041 _ageo
245 _aანეული :
_bლიტერატურული ჟურნალი /
_cკულტურულ - საგანმანათლებლო საზოგადოება "ანეული" ; მთავარი რედაქტორი თამარ შაიშმელაშვილი.
260 _aთბილისი,
_c2022.
300 _aV.
653 _aანეული
653 _aლიტერატურული ჟურნალი
653 _aპერიოდიკა
700 _a შაიშმელაშვილი, თამარ
_eმთავარი რედაქტორი
_921528
942 _2udc
_cCR